000
00228nam a2200085 4500
001
1240217
005
20251008140414.0
245
_a
KIYAMET GÜNÜNE BEŞ SANİYE KALA VE DİĞER DOSYALAR
_c
SIMON CHESHIRE
260
_b
ALTIN KİTAPLARI
999
_c
1240217
_d
1240217